Thayer's life of Beethoven

Збережено в:
Бібліографічні деталі
Автор: Forbes, Elliot (Автор)
Формат: Книга
Мова:Англійська
Опубліковано: Princeton Princeton University 1967
Предмети:
Теги: Додати тег
Немає тегів, Будьте першим, хто поставить тег для цього запису!

MARC

LEADER 00000nam a2200000 a 4500
001 UCN1185
003 CL-VaPUC
008 010420e19670000us |||||||||||||||||eng|d
082 0 4 |a 927.8  |b FOR  |2 21 
100 0 |a Forbes, Elliot  |e author  |9 456627 
245 1 0 |a Thayer's life of Beethoven 
300 |a 1141 p 
942 |c BK 
945 |d 20010420 00:00:00  |a crobeson 
260 |a Princeton  |b Princeton University  |c 1967 
600 0 |a Beethoven, Ludwig van  |d 1770​-1827  |e compositor  |9 306286 
650 0 |a Compositores alemanes  |9 324765 
650 0 |a Biografías  |9 255210 
583 |a last modification  |c 20171205 02:03:26  |k Rodrigo Vera 
999 |c 294760  |d 294758 
952 |0 0  |1 0  |4 0  |6 927_800000000000000_FOR_1967  |7 0  |8 A  |9 347477  |a BIBEDU  |b BIBEDU  |d 2019-11-20  |i 1249045  |o 927.8 FOR 1967  |p 1249045  |r 2023-01-12  |w 2019-11-20  |y BK  |k MUS